000 02182cas a2200373 a 4500
001 17955683
005 20250915092452.0
006 m o d
007 cr mnu||||||||
008 010630c20019999enkqx pso 0 a0eng c
010 _a 2004255457
015 _aGBB3A4814
_2bnb
016 7 _a012432588
_2Uk
016 _a012432588
022 _a1758-6054
_l1472-0701
_22
035 _a(OCoLC)47222706
040 _aOH1
_beng
_epn
_cOH1
_dOCLCQ
_dEYM
_dOCLCQ
_dZCU
_dOCL
_dOCLCQ
_dOCLCS
_dGUA
_dOCLCQ
_dVRC
_dUKMGB
_dOCLCQ
_dOCLCF
_dBEDGE
_dOCLCO
_dOCLCQ
_dDLC
_dNLE
_dVT2
_dQGK
_dOCLCQ
_dIOY
_dOCLCL
042 _apcc
043 _an-us---
050 0 0 _aHD2741
130 0 _aCorporate governance (Bradford, England : Online)
222 0 _aCorporate governance
_b(Bingley. Online)
245 1 0 _aCorporate governance.
260 _aBradford, England :
_bMCB University Press,
_c2001-
362 0 _aVol. 1, issue 1 (2001)-
500 _a"The international journal for effective board performance"
500 _aTitle from general information screen (viewed June 24, 2001).
520 _aCorporate Governance is an ongoing scholarly journal first published in Bradford, England by MCB University Press in 2001. It is issued in electronic format and continues to the present day. The journal carries the ISSN 1758-6054 and is also known by the uniform title Corporate Governance (Bradford, England : Online). Its focus is on the theory and practice of corporate governance, with coverage that includes the United States as well as international perspectives. Regularly issued articles examine corporate structures, responsibilities, accountability, and the challenges of governance in contemporary organisations. The journal is classified under HD2741 in the Library of Congress system and is available as an electronic journal. An online version can be accessed through institutional subscriptions.
650 0 _a Corporate Governance
_zUnited States
_vPeriodicals.
650 0 _a Corporate Governance
_vPeriodicals.
655 0 _aElectronic journals.
856 _uhttps://bibliotheque.tbs-education.fr/Default/doc/PUBFINDER/edp88627/corporate-governance
942 _2lcc
999 _c4936
_d4936